Guess My Favourite NBA Players! - Statistics

General Stats
  • This quiz has been taken 54 times
  • The average score is 31 of 60
Answer Stats
Era Player % Correct
Current LaMelo Ball
89%
All-Time LeBron James
85%
Current Steph Curry
83%
Current Kawhi Leonard
81%
All-Time Larry Bird
79%
All-Time Michael Jordan
77%
Current Giannis Antetokounmpo
70%
Current Luka Doncic
70%
Current Scottie Barnes
70%
Current Trae Young
70%
All-Time Vince Carter
70%
All-Time Shaquille O'Neal
68%
All-Time Dirk Nowitzki
66%
All-Time Dwyane Wade
66%
Current Victor Wembanyama
66%
Current Anthony Davis
64%
All-Time Patrick Ewing
64%
All-Time Chris Paul
62%
Current Coby White
62%
Current Derrick White
62%
Current Donovan Mitchell
62%
All-Time Magic Johnson
62%
Current Russell Westbrook
62%
All-Time Tim Duncan
62%
Current Shai Gilgeous-Alexander
60%
Current Anthony Edwards
57%
Current Devin Booker
57%
All-Time Hakeem Olajuwon
57%
Current Ja Morant
57%
Current Karl-Anthony Towns
57%
All-Time Kevin Garnett
55%
All-Time Reggie Miller
55%
Current Tyler Herro
55%
All-Time Blake Griffin
53%
Current Jordan Poole
53%
Current Domantas Sabonis
51%
All-Time John Stockton
51%
All-Time Kareem Abdul-Jabbar
51%
Current Cam Thomas
49%
All-Time Allen Iverson
47%
Current Cade Cunningham
47%
Current Paolo Banchero
47%
Current Pascal Siakam
43%
All-Time Jason Kidd
40%
All-Time Marc Gasol
40%
Current Lauri Markkanen
38%
All-Time Oscar Robertson
34%
All-Time Dikembe Mutombo
32%
All-Time Clyde Drexler
28%
Current Fred VanVleet
28%
All-Time Gary Payton
26%
Current Herb Jones
21%
All-Time Rick Barry
21%
All-Time Alex English
19%
All-Time Muggsy Bogues
19%
All-Time Wes Unseld
19%
Current Andre Drummond
17%
Current Shaedon Sharpe
17%
All-Time Amar'e Stoudamire
11%
All-Time Grant Hill
9%
No matching quizzes found
Score Distribution
Percent of People with Each Score
Percentile by Number Answered
Your Score History
You have not taken this quiz